Statistiques concernant Distribution par images - OSS 117 : Le Caire, nid d'espions

Cliquez ici pour prendre le quiz!

Statistiques générales

  • Ce quiz a été pris 33 fois
  • Le résultat moyen est 4 sur 9

Statistiques - réponses

Réponse% Correct
Jean Dujardin
100%
François Damiens
82%
Bérénice Bejo
79%
Aure Atika
36%
Arsène Mosca
21%
Richard Sammel
12%
Constantin Alexandrov
9%
Éric Prat
9%
Philippe Lefebvre
9%

Distribution des résultats

Percentile par nombre de réponses

% des personnes avec chaque résultat

Votre développement - résultats

Vous n’avez pas pris ce quiz